Lesser-Known 2016 Presidential Candidates - Statistics

General Stats
  • This quiz has been taken 9 times
  • The average score is 4 of 10
Answer Stats
Hint Answer % Correct
Peace and Freedom Party Candidate; Entertainer Roseanne Barr
86%
Anarchist and Performing Artist Vermin Supreme
71%
Democrat and Former Football Coach Robby Wells
57%
Democrat and Conspiracy Theorist Jeff Boss
43%
Republican and Former IRS Commissioner Mark Everson
43%
Independent Pastor at Dove World Outreach Center Terry Jones
43%
Republican and Retired Engineer Jack Fellure
29%
Democrat and Former Chicago Mayoral Candidate Willie Wilson
29%
Libertarian Activist and Author Robert David Steele
14%
Transhumanist philosopher and writer Zoltan Istvan
14%
No matching quizzes found
Score Distribution
Percent of People with Each Score
Percentile by Number Answered
Your Score History
You have not taken this quiz